Les featurings de Tayc - Statistiques

Statistiques générales
  • Ce quiz a été pris 268 fois
    229 depuis la dernière actualisation
  • Le résultat moyen est 12 sur 64
Statistiques - réponses
Département Artiste Sons % Correct
93 Dadju Ok (2019), Please (2020), Héritage (2024)
87%
93 Tiakola P A S C O M M E Ç A (2021)
80%
75 Leto Ride (2020), L E A K (2021)
72%
93 Gazo B O N & M A U V A I S (2021)
62%
243 Fally Ipupa S U I S - M O I (2021)
49%
13 Jul Cœur de pirate (2021), Va bene (2022)
44%
45 Vegedream Pour nous (2020), Cœur de pirate (2021)
44%
75 Barack Adama Tu mens (2019), Moi, je prouve (2019), Négligé (2019), Mon cadeau (2019), Mes défauts (2020), La fête (2022), Tu pourrais (2022)
41%
75 Franglish B L A C K C A R D (2021)
41%
13 Alonzo Encore là (2022)
38%
75 MHD B L A C K C A R D (2021)
37%
93 Dinos Je Wanda (2020)
35%
75 Gims TE AMO (2022)
32%
BEL Hamza Laisse moi te dire (2022)
31%
Unknown Camille Lellouche Et si (2020), O H N A (2022)
30%
ALG Soolking Bye Bye (2021), Va bene (2022)
29%
60 Naza Cœur de pirate (2021), Va bene (2022)
28%
44 Christine and the Queens Haine colorée (2020)
27%
US Jason Derulo No No No (2022)
27%
75 Jok'air Sorry Not Sorry (2022)
25%
13 Soprano C O M B L E U S E D E R Ê V E S (2021)
23%
75 Lefa Haut-parleur (2019), Trip (2019), Mes défauts (2020), Sorry (2021)
22%
13 Naps Cœur de pirate (2021)
21%
Unknown Monsieur Nov Mind (2019)
20%
Unknown Ocevne Comme un samedi (2019), La fête (2022), Last Time (2022)
20%
Unknown Dehmo Tout est cassé (2020)
18%
Unknown JOYCA Tes nuits (2022)
17%
95 Lynda Cœur de pirate (2021)
17%
242 Serge Ibaka LEGGO (2021)
17%
CMR Manu Dibango Ewondo ou Bami (2019)
14%
NIG Tiwa Savage African Sugar (2020)
13%
75 Guy2Bezbar Nana (2021)
12%
41 Niro Voyou (2021), Parti de rien (2023)
12%
Unknown Arma Jackson Distance (2021)
10%
31 Bigflo & Oli Une belle chanson (2022)
10%
45 Dosseh French Riviera (2023)
10%
13 Elams Cœur de pirate (2021)
9%
93/94 Rohff Official (2021)
9%
75 S.Pri Noir Si tu savais (2021)
9%
ALG Zaho Solo (2022)
9%
75 Abou Debeing Meilleurs (2020)
8%
Unknown Amaria BB Slow Motion (Remix)
8%
Unknown Marjinal Ne doute pas (2022)
6%
Unknown Titai OG (2019), La fête (2022)
6%
Unknown Andrea C'est elle (2017)
5%
Unknown Hache-P Depuis (2019)
5%
13 SAF Cœur de pirate (2021)
5%
13 Thabiti Cœur de pirate (2021)
5%
NIG Adekunle Gold D O D O (2021)
4%
Unknown Barber & 2cro Entremood : la bonne herbe/Cowboys (2019)
3%
Unknown B Young So Distant (2022)
3%
Unknown Denatora Eminado (2018)
3%
Unknown Lylah La fête (2022)
3%
Unknown Ovni D Philip Morris (2017)
3%
Unknown Megaski La fête (2022)
2%
Unknown Sisi K Eminado (2018)
2%
Unknown Sneazzy Drip (2021)
2%
Unknown Allan Zut Eminado (2018)
1%
Unknown Gracy Hopkins Pour nous (2020), Cœur de pirate (2021)
1%
Unknown Locko Amina (2021)
1%
Unknown Rawdolff Dana (2020)
1%
Unknown Dfresh Sande Better (2021)
0%
Unknown HHHH My love (2021)
0%
Unknown SKIPPER J O U R X (2021)
0%
Aucun quiz correspondant
Distribution des résultats
% des personnes avec chaque résultat
Percentile par nombre de réponses
Votre historique - résultats
Vous n’avez pas pris ce quiz depuis la dernière actualisation